Explicit story structure instruction and the narrative writing of fourth-and fifth-grade below-average readers (Record no. 68774)

MARC details
000 -CABECERA
campo de control de longitud fija 00694nam a2200229 a 4500
005 - FECHA Y HORA DE LA ÚLTIMA TRANSACCIÓN
campo de control 20210219153118.0
008 - ELEMENTOS DE LONGITUD FIJA--INFORMACIÓN GENERAL
campo de control de longitud fija 991125n 000 0 u
035 ## - NÚMERO DE CONTROL DEL SISTEMA
Número de control de sistema UPN01000078823
100 ## - ASIENTO PRINCIPAL--NOMBRE PERSONAL
Nombre de persona Gambrell, Linda B.
222 ## - TÍTULO CLAVE
Título clave READING RESEARCH AND INSTRUCTION
245 ## - MENCIÓN DE TÍTULO
Título Explicit story structure instruction and the narrative writing of fourth-and fifth-grade below-average readers
300 ## - DESCRIPCIÓN FÍSICA
Extensión 54-62
362 ## - FECHAS DE PUBLICACIÓN Y/O DESIGNACIÓN SECUENCIAL
Fecha de publicación y/o designación secuencial 31, No. 1, 1991
505 ## - NOTA DE CONTENIDO CON FORMATO PREESTABLECIDO
Nota de contenido con formato Marzo 1992
653 0# - TERMINO DE INDIZACION - NO CONTROLADO
Término no controlado CUENTO
653 0# - TERMINO DE INDIZACION - NO CONTROLADO
Término no controlado EFICACIA DE LA ENSE\197ANZA
653 0# - TERMINO DE INDIZACION - NO CONTROLADO
Término no controlado LECTURA TERAPEUTICA
653 0# - TERMINO DE INDIZACION - NO CONTROLADO
Término no controlado MEJORAMIENTO DE LA ESCRITURA
700 ## - ASIENTO SECUNDARIO--NOMBRE DE PERSONAL
Nombre de persona Chasen, Steven P.
904 ## - ELEMENTOS DE DATOS D LOCAL, LDD (RLIN)
a AC
b 016634
905 ## - TIPO DE MATERIAL
Tipo de material Articulo

No items available.